00953nam a2200241Ia 4500008004100000040001800041041000800059100002000067245012100087260003700208300004900245490006900294500007000363500005500433500002200488650002400510650002600534650001500560650002000575700002900595700002800624765005900652130821s1959 sp a gr spa  aCo-BoUCMbspa aspa1 aHahn, L. Albert10aEconomía política y sentido comúncL. Albert Hahn ; versión española de Till Enno Metger y Carolina Nonell aMadrid (España)bAguilarc1959 axx, 299 páginasbilustraciones, gráficas 0aBiblioteca de Ciencias Sociales.nSección Primera : Economía aEjemplar 2: Libro disponible en 24 horas a partir de la solicitud aEjemplar No.1 Es Donación Dr. Álvaro Daza Roa. aIncluye índice.04aCiclos económicos04aEconomía política04aEconomía04aMacroeconomía1 aMetger, Till Ennoetrad.1 aNonell, Carolinaetrad.0 tWirtschftswissenschaft des gesunden menschenverstandes